Automotive power systems / Dorin O. Neacsu. (Record no. 21178)
| 000 -LEADER | |
|---|---|
| fixed length control field | 00537nam a22001697a 4500 |
| 020 ## - INTERNATIONAL STANDARD BOOK NUMBER | |
| ISBN | 9780367512927 |
| 082 ## - DEWEY DECIMAL CLASSIFICATION NUMBER | |
| Classification number | 621.317 |
| Item number | N338 2021 |
| 100 ## - MAIN ENTRY--AUTHOR NAME | |
| Personal name | Neacsu, Dorin O., author. |
| 245 ## - TITLE STATEMENT | |
| Title | Automotive power systems / Dorin O. Neacsu. |
| 260 ## - PUBLICATION, DISTRIBUTION, ETC. (IMPRINT) | |
| Place of publication | Boca Raton, FL : |
| Name of publisher | CRC Press, |
| Year of publication | ©2021. |
| 300 ## - PHYSICAL DESCRIPTION | |
| Number of Pages | xvii, 295 pages : |
| Other physical details | illustrations ; 24 cm |
| 500 ## - GENERAL NOTE | |
| General note | Includes bibliographical references and index. |
| 650 ## - SUBJECT ADDED ENTRY--TOPICAL TERM | |
| Topical Term | Electric power systems. |
| 650 ## - SUBJECT ADDED ENTRY--TOPICAL TERM | |
| Topical Term | Power electronics. |
| 650 ## - SUBJECT ADDED ENTRY--TOPICAL TERM | |
| Topical Term | Automotive electrical systems. |
| 942 ## - ADDED ENTRY ELEMENTS (KOHA) | |
| Koha item type | Books |
| Source of acquisition | Permanent Location | Date acquired | Koha item type | Collection code | Accession Number | Lost status | Shelving location | Withdrawn status | Current Location | Full call number |
|---|---|---|---|---|---|---|---|---|---|---|
| School | Cagayan State University - Carig Library | 2025-07-14 | Books | Applied Sciences | 010991 | General Collection | Cagayan State University - Carig Library | 621.317 N338 2021 |